000 01288nam a2200241Ia 4500
001 10622
003 GE_BSU
008 181216s||||||||xx |||||||||||||| ||und||
020 _a9789941036644
040 _cGE_BSU
080 _a371.113.1+371.1
100 _aჩაჩხიანი,ქეთევან; კობახიძე,მაგდა; გაბაშვილი,მარიამ.
245 _aსკოლის დირექტორის პრაქტიკული გზამკვლევი.
245 _cრედ:მაია ინასარიძე, ნინო ელბაქიძე; წინათქმა:გია მამულაშვილი.
260 _aთბილისი
260 _bმასწავლებელთა პროფ. განვითარების ეროვნ.ცენტრი
260 _c2011
300 _a219გვ;24სმ.
300 _bდანართები:გვ.211–219. ბიბლიოგრ:გვ.209.–ავტ.მითით.თავფურ.მე–2გვ. სქ;ცხრ.
541 _h11ლ.50თ.
653 _aსკოლის დირექტორის პრაქტიკული გზამკვლევი.
942 _cBK
999 _c43873
_d43873